名称にアルファベット(ラテン文字)を含む駅 - Statistics

General Stats
  • This quiz has been taken 57 times
  • The average score is 7 of 14
Answer Stats
都道府県 Answer 補足 % Correct
神奈川県 YRP野比駅 久里浜線(京急電鉄)
96%
福島県 Jヴィレッジ駅 常磐線(JR東日本)
65%
大阪府 JR総持寺駅 東海道本線(JR西日本)
61%
大阪府 JR難波駅 関西本線(JR西日本)
57%
大阪府 JR淡路駅 おおさか東線(JR西日本)
53%
奈良県 JR五位堂駅 和歌山線(JR西日本)
49%
大阪府 JR河内永和駅 おおさか東線(JR西日本)
47%
大阪府 JR俊徳道駅 おおさか東線(JR西日本)
47%
京都府 JR藤森駅 奈良線(JR西日本)
45%
大阪府 JR野江駅 おおさか東線(JR西日本)
45%
京都府 JR小倉駅 奈良線(JR西日本)
41%
京都府 JR三山木駅 片町線(JR西日本)
39%
大阪府 JR長瀬駅 おおさか東線(JR西日本)
37%
広島県 JA広島病院前駅 宮島線(広島電鉄)
27%
No matching quizzes found
Score Distribution
Percent of People with Each Score
Percentile by Number Answered
Your Score History
You have not taken this quiz